000 01455nam a2200313 a 4500
001 BRCA_3016
005 20190320204054.0
008 200109s1735----ne-a---###---#000-0#fre-u
041 _afre
044 _afr
084 _a333
_b.H86
_c1735
100 1 _aCervantes Saavedra, Miguel de
_d1547-1616
_9213
245 1 0 _aHistoire de l´Admirable Don Quichotte de la Mancha
_cMiguel de Cervantes Saavedra.
260 _aAmsterdam
_bPierre Humbert
_c1735
300 _a6 v.
_bil.
_c13 cm.
500 _aContenido : v 1. Primera parte. Dedicatoria. Advertencia del traductor. Texto. -- v 2. Texto. -- v 3. Segunda parte. Texto. -- v 4. Texto. -- v 5. Primera parte de la continuación del Quijote por el traductor. -- v 6. Senguda parte de la continuación del Quijote por su traductor
500 _aEdición : Nouvelle edition revueé corrigieé et augmentée
500 _aCopia de la ediciçon de 1715=19, impresa en Amsterdam, por los hermanos Wetstein. Piel Lúdovik Osterc
500 _aQM261
546 _aTexto en : francés
650 1 4 _aNovela española
_yÉpoca clásica, 1500-1700
_9215
650 1 4 _aLiteratura española
_yÉpoca clásica, 1500-1700
_9216
650 1 4 _aNovela española
_ySiglo XVII
_9217
650 1 4 _aDon Quijote (Personaje ficticio)
_eNovela
_9218
700 1 _aSaint-Martin, Francois Filleau de
_d1632-1695
_eTraductor
_98310
740 0 _aEl Ingenioso Hidalgo Don Quijote de la Mancha
902 _aQFM
942 _2lcc
_cB
999 _c2754
_d2754